Country by its neighbours (Hard) - Africa - Statistics

General Stats
  • This quiz has been taken 30 times
  • The average score is 8 of 11
Answer Stats
Hint Answer % Correct
Lesotho South Africa
93%
south Africa / Swaziland Mozambique
89%
Ethiopia / Tanzania Kenya
82%
Kenya / Tanzania Uganda
82%
Guinea Bissau / Côte d'Ivoire Guinea
79%
Senegal / Mauritania Mali
75%
Mali / Burkina Faso / Benin Niger
71%
Gabon / Congo Cameroon
68%
Gabon / Angola Congo
68%
Nigeria / Cameroon Chad
54%
Libya / Ethiopia Soudan
7%
No matching quizzes found
Score Distribution
Percent of People with Each Score
Percentile by Number Answered
Your Score History
You have not taken this quiz